Использование технологии мобильного обучения в образовательном процессе; Молодой ученый; № 8

Dades bibliogràfiques
Parent link:Молодой ученый: ежемесячный научный журнал.— , 2008-
№ 8.— 2015.— [С. 974-976]
Autor principal: Логинова А. В. Анна Владимировна
Autor corporatiu: Национальный исследовательский Томский политехнический университет (ТПУ) Институт кибернетики (ИК) Кафедра иностранных языков института кибернетики (ИЯИК)
Sumari:Заглавие с экрана
Idioma:rus
Publicat: 2015
Matèries:
Accés en línia:http://www.moluch.ru/archive/88/17087/
Format: Electrònic Capítol de llibre
KOHA link:https://koha.lib.tpu.ru/cgi-bin/koha/opac-detail.pl?biblionumber=641618

MARC

LEADER 00000naa0a2200000 4500
001 641618
005 20250603140539.0
035 |a (RuTPU)RU\TPU\network\6535 
090 |a 641618 
100 |a 20150525d2015 k||y0rusy50 ca 
101 0 |a rus 
102 |a RU 
135 |a drcn ---uucaa 
181 0 |a i  
182 0 |a b 
200 1 |a Использование технологии мобильного обучения в образовательном процессе  |f А. В. Логинова 
203 |a Текст  |c электронный 
300 |a Заглавие с экрана 
320 |a [Библиогр.: с. 976 (4 назв.)] 
461 |t Молодой ученый  |o ежемесячный научный журнал  |d 2008- 
463 |t № 8  |v [С. 974-976]  |d 2015 
610 1 |a электронный ресурс 
610 1 |a труды учёных ТПУ 
610 1 |a мобильное обучение 
610 1 |a портативные устройства 
610 1 |a современные технологии 
610 1 |a многофункциональность 
610 1 |a индивидуализация 
700 1 |a Логинова  |b А. В.  |c лингвист  |c старший преподаватель Томского политехнического университета  |f 1976-  |g Анна Владимировна  |3 (RuTPU)RU\TPU\pers\29670 
712 0 2 |a Национальный исследовательский Томский политехнический университет (ТПУ)  |b Институт кибернетики (ИК)  |b Кафедра иностранных языков института кибернетики (ИЯИК)  |3 (RuTPU)RU\TPU\col\18707 
801 2 |a RU  |b 63413507  |c 20150525  |g RCR 
850 |a 63413507 
856 4 0 |u http://www.moluch.ru/archive/88/17087/ 
942 |c CF